书目信息 |
| 题名: |
南方丰水地区水域纳污能力研究与应用
|
|
| 作者: | 黄本胜 , 邱静 , 谭超 , 洪昌红 著 | |
| 分册: | ||
| 出版信息: | 北京 中国水利水电出版社 2018.08 |
|
| 页数: | 182页 | |
| 开本: | 21cm | |
| 丛书名: | ||
| 单 册: | ||
| 中图分类: | X52 | |
| 科图分类: | ||
| 主题词: | 水污染--shui wu ran--允许排放量--研究--南方地区 | |
| 电子资源: | ||
| ISBN: | 978-7-5170-6825-9 | |
| 000 | 01187nam0 2200289 450 | |
| 001 | 202019138108 | |
| 005 | 20191026133322.0 | |
| 010 | @a978-7-5170-6825-9@dCNY46.00 | |
| 100 | @a20191025d2018 em y0chiy50 ea | |
| 101 | 0 | @achi |
| 102 | @aCN@b110000 | |
| 105 | @aak a 000yy | |
| 106 | @ar | |
| 200 | 1 | @a南方丰水地区水域纳污能力研究与应用@Anan fang feng shui di qu shui yu na wu neng li yan jiu yu ying yong@f黄本胜 ... [等] 著 |
| 210 | @a北京@c中国水利水电出版社@d2018.08 | |
| 215 | @a182页@c图@d21cm | |
| 304 | @a题名页题其余责任者: 邱静, 谭超, 洪昌红 | |
| 320 | @a有书目 (第179-182页) | |
| 330 | @a本书系统总结了南方丰水地区水域纳污能力的理论体系, 并在实践中得到了应用。主要内容包括: 污染物衰减系数随流速的变化规律、水域纳污能力计算模型与方法、动态纳污能力计算应用研究、典型感潮河段纳污计算及入河排污口布局与整治研究、南方丰水地区水功能区河流纳污能力计算案例等。 | |
| 606 | 0 | @a水污染@Ashui wu ran@x允许排放量@x研究@y南方地区 |
| 690 | @aX52@v5 | |
| 701 | 0 | @a黄本胜@Ahuang ben sheng@4著 |
| 701 | 0 | @a邱静@Aqiu jing@4著 |
| 701 | 0 | @a谭超@Atan chao@4著 |
| 701 | 0 | @a洪昌红@Ahong chang hong@4著 |
| 801 | 0 | @aCN@c20190905 |
| 905 | @a河南城建学院图书馆@dX52@eH806 | |
| 南方丰水地区水域纳污能力研究与应用/黄本胜 ... [等] 著.-北京:中国水利水电出版社,2018.08 |
| 182页:图;21cm |
| ISBN 978-7-5170-6825-9:CNY46.00 |
| 本书系统总结了南方丰水地区水域纳污能力的理论体系, 并在实践中得到了应用。主要内容包括: 污染物衰减系数随流速的变化规律、水域纳污能力计算模型与方法、动态纳污能力计算应用研究、典型感潮河段纳污计算及入河排污口布局与整治研究、南方丰水地区水功能区河流纳污能力计算案例等。 |
| ● |
| 相关链接 |
|
|
|
正题名:南方丰水地区水域纳污能力研究与应用
索取号:X52/H806
 
预约/预借
| 序号 | 登录号 | 条形码 | 馆藏地/架位号 | 状态 | 备注 |
| 1 | 1456164 | 214561641 | 自科库501/501自科库 100排2列1层/ [索取号:X52/H806] | 在馆 | |
| 2 | 1456165 | 214561650 | 自科库501/501自科库 100排2列1层/ [索取号:X52/H806] | 在馆 |